Synopsis theologiae practicae complectens et explicans principia generalia ad resolvendos conscientiae casus scitu necessaria

Detalles Bibliográficos
Autor principal: TABERNA, Juan Bautista
Formato: Libro
Publicado: Colonia 1700
Materias:
Colección:Banco de datos
Acervo:Biblioteca del Ex Convento de Nuestra Señora de Guadalupe. Zacatecas
Descripción Física:2a parte
Tema general:Teología
Notas:Regular. XXVI,1,23 (7490). Encuadernado con la 1a y 2a parte
LEADER 00809nam a22002050004500
035 |a 44620 
036 |a 5804 
100 1 |a TABERNA, Juan Bautista 
245 1 0 |a Synopsis theologiae practicae complectens et explicans principia generalia ad resolvendos conscientiae casus scitu necessaria 
260 |a Colonia  |b imp. Sebastián Ketteler  |c 1700 
300 |a 2a parte 
500 |a Regular. XXVI,1,23 (7490). Encuadernado con la 1a y 2a parte 
650 1 0 |a Teología 
949 |a CRZ-CG 
959 |a Ex convento de Nuestra Señora de Guadalupe, Museo Regional de Zacatecas, Zacatecas  |b CCC4 
960 |a Convento de Nuestra Señora de Guadalupe, Zacatecas  |b DD87 
961 |a Franciscana  |b OF 
942 |c CRZ-CG 
943 |g Biblioteca del Ex Convento de Nuestra Señora de Guadalupe. Zacatecas 
999 |c 968747  |d 968747